<?xml version="1.0" encoding="UTF-8"?>
<record
    xmlns:xsi="http://www.w3.org/2001/XMLSchema-instance"
    xsi:schemaLocation="http://www.loc.gov/MARC21/slim http://www.loc.gov/standards/marcxml/schema/MARC21slim.xsd"
    xmlns="http://www.loc.gov/MARC21/slim">

  <leader>00700nam a2200217Ia 4500</leader>
  <controlfield tag="005">20220304141813.0</controlfield>
  <controlfield tag="008">210716s2011    xx            000 0 und d</controlfield>
  <datafield tag="020" ind1=" " ind2=" ">
    <subfield code="a">9789352028375</subfield>
  </datafield>
  <datafield tag="040" ind1=" " ind2=" ">
    <subfield code="c">AIMIT LIBRARY</subfield>
  </datafield>
  <datafield tag="041" ind1=" " ind2=" ">
    <subfield code="a">eng</subfield>
  </datafield>
  <datafield tag="082" ind1=" " ind2=" ">
    <subfield code="a">658.303 </subfield>
    <subfield code="2">2</subfield>
    <subfield code="b">RAOP</subfield>
  </datafield>
  <datafield tag="100" ind1=" " ind2=" ">
    <subfield code="a">Rao, P Subba.</subfield>
    <subfield code="9">22732</subfield>
  </datafield>
  <datafield tag="245" ind1=" " ind2=" ">
    <subfield code="a">International human resource management /</subfield>
    <subfield code="c">By P Subba Rao.</subfield>
  </datafield>
  <datafield tag="250" ind1=" " ind2=" ">
    <subfield code="a">2nd ed.</subfield>
    <subfield code="b">Second revised edition</subfield>
  </datafield>
  <datafield tag="260" ind1=" " ind2=" ">
    <subfield code="a">New Delhi :</subfield>
    <subfield code="b">Himalaya Publishing House ;</subfield>
    <subfield code="c">2011.</subfield>
  </datafield>
  <datafield tag="300" ind1=" " ind2=" ">
    <subfield code="a">470p. ;</subfield>
  </datafield>
  <datafield tag="650" ind1=" " ind2=" ">
    <subfield code="a">Social and cultural context of IHRM</subfield>
    <subfield code="9">22733</subfield>
  </datafield>
  <datafield tag="650" ind1=" " ind2=" ">
    <subfield code="a">Training and development</subfield>
    <subfield code="9">22734</subfield>
  </datafield>
  <datafield tag="650" ind1=" " ind2=" ">
    <subfield code="a">Compensation and benefits</subfield>
    <subfield code="9">22735</subfield>
  </datafield>
  <datafield tag="942" ind1=" " ind2=" ">
    <subfield code="2">ddc</subfield>
    <subfield code="c">BK</subfield>
    <subfield code="e">2nd</subfield>
    <subfield code="k">658.303 RAOP</subfield>
  </datafield>
  <datafield tag="999" ind1=" " ind2=" ">
    <subfield code="c">209699</subfield>
    <subfield code="d">209699</subfield>
  </datafield>
  <datafield tag="952" ind1=" " ind2=" ">
    <subfield code="0">0</subfield>
    <subfield code="1">0</subfield>
    <subfield code="2">ddc</subfield>
    <subfield code="4">0</subfield>
    <subfield code="7">0</subfield>
    <subfield code="8">MBA</subfield>
    <subfield code="a">AIMIT</subfield>
    <subfield code="b">AIMIT</subfield>
    <subfield code="d">2016-02-23</subfield>
    <subfield code="g">440.00</subfield>
    <subfield code="i">Bill no:87; Bill dt:2016-02-18</subfield>
    <subfield code="l">2</subfield>
    <subfield code="o">658.303 RAOP</subfield>
    <subfield code="p">MBA12259</subfield>
    <subfield code="r">2026-05-23 00:00:00</subfield>
    <subfield code="s">2025-01-29</subfield>
    <subfield code="v">352.00</subfield>
    <subfield code="w">2021-07-16</subfield>
    <subfield code="y">BK</subfield>
  </datafield>
  <datafield tag="952" ind1=" " ind2=" ">
    <subfield code="0">0</subfield>
    <subfield code="1">0</subfield>
    <subfield code="2">ddc</subfield>
    <subfield code="4">0</subfield>
    <subfield code="7">0</subfield>
    <subfield code="8">MBA</subfield>
    <subfield code="a">AIMIT</subfield>
    <subfield code="b">AIMIT</subfield>
    <subfield code="d">2016-02-23</subfield>
    <subfield code="g">440.00</subfield>
    <subfield code="i">Bill no:87; Bill dt:2016-02-18</subfield>
    <subfield code="l">4</subfield>
    <subfield code="o">658.303 RAOP</subfield>
    <subfield code="p">MBA12260</subfield>
    <subfield code="r">2026-05-23 00:00:00</subfield>
    <subfield code="s">2025-01-28</subfield>
    <subfield code="v">352.00</subfield>
    <subfield code="w">2021-07-16</subfield>
    <subfield code="y">BK</subfield>
  </datafield>
  <datafield tag="952" ind1=" " ind2=" ">
    <subfield code="0">0</subfield>
    <subfield code="1">0</subfield>
    <subfield code="2">ddc</subfield>
    <subfield code="4">0</subfield>
    <subfield code="7">0</subfield>
    <subfield code="8">MBA</subfield>
    <subfield code="a">AIMIT</subfield>
    <subfield code="b">AIMIT</subfield>
    <subfield code="d">2016-02-23</subfield>
    <subfield code="g">440.00</subfield>
    <subfield code="i">Bill no:87; Bill dt:2016-02-18</subfield>
    <subfield code="l">3</subfield>
    <subfield code="o">658.303 RAOP</subfield>
    <subfield code="p">MBA12261</subfield>
    <subfield code="r">2026-05-23 00:00:00</subfield>
    <subfield code="s">2025-01-29</subfield>
    <subfield code="v">352.00</subfield>
    <subfield code="w">2021-07-16</subfield>
    <subfield code="y">BK</subfield>
  </datafield>
  <datafield tag="952" ind1=" " ind2=" ">
    <subfield code="0">0</subfield>
    <subfield code="1">0</subfield>
    <subfield code="2">ddc</subfield>
    <subfield code="4">0</subfield>
    <subfield code="7">0</subfield>
    <subfield code="8">MBA</subfield>
    <subfield code="a">AIMIT</subfield>
    <subfield code="b">AIMIT</subfield>
    <subfield code="d">2016-02-23</subfield>
    <subfield code="g">440.00</subfield>
    <subfield code="i">Bill no:87; Bill dt:2016-02-18</subfield>
    <subfield code="l">4</subfield>
    <subfield code="o">658.303 RAOP</subfield>
    <subfield code="p">MBA12262</subfield>
    <subfield code="r">2026-05-23 00:00:00</subfield>
    <subfield code="s">2025-02-10</subfield>
    <subfield code="v">352.00</subfield>
    <subfield code="w">2021-07-16</subfield>
    <subfield code="y">BK</subfield>
  </datafield>
  <datafield tag="952" ind1=" " ind2=" ">
    <subfield code="0">0</subfield>
    <subfield code="1">0</subfield>
    <subfield code="2">ddc</subfield>
    <subfield code="4">0</subfield>
    <subfield code="7">0</subfield>
    <subfield code="8">MBA</subfield>
    <subfield code="a">AIMIT</subfield>
    <subfield code="b">AIMIT</subfield>
    <subfield code="d">2016-02-23</subfield>
    <subfield code="g">440.00</subfield>
    <subfield code="i">Bill no:87; Bill dt:2016-02-18</subfield>
    <subfield code="l">7</subfield>
    <subfield code="o">658.303 RAOP</subfield>
    <subfield code="p">MBA12263</subfield>
    <subfield code="r">2026-05-23 00:00:00</subfield>
    <subfield code="s">2026-03-27</subfield>
    <subfield code="v">352.00</subfield>
    <subfield code="w">2021-07-16</subfield>
    <subfield code="y">BK</subfield>
  </datafield>
  <datafield tag="952" ind1=" " ind2=" ">
    <subfield code="0">0</subfield>
    <subfield code="1">0</subfield>
    <subfield code="2">ddc</subfield>
    <subfield code="4">0</subfield>
    <subfield code="7">0</subfield>
    <subfield code="8">MBA</subfield>
    <subfield code="a">AIMIT</subfield>
    <subfield code="b">AIMIT</subfield>
    <subfield code="d">2016-02-23</subfield>
    <subfield code="g">440.00</subfield>
    <subfield code="i">Bill no:87; Bill dt:2016-02-18</subfield>
    <subfield code="l">1</subfield>
    <subfield code="o">658.303 RAOP</subfield>
    <subfield code="p">MBA12264</subfield>
    <subfield code="r">2026-05-23 00:00:00</subfield>
    <subfield code="s">2025-01-30</subfield>
    <subfield code="v">352.00</subfield>
    <subfield code="w">2021-07-16</subfield>
    <subfield code="y">BK</subfield>
  </datafield>
  <datafield tag="952" ind1=" " ind2=" ">
    <subfield code="0">0</subfield>
    <subfield code="1">0</subfield>
    <subfield code="2">ddc</subfield>
    <subfield code="4">0</subfield>
    <subfield code="7">0</subfield>
    <subfield code="8">MBA</subfield>
    <subfield code="a">AIMIT</subfield>
    <subfield code="b">AIMIT</subfield>
    <subfield code="d">2016-02-23</subfield>
    <subfield code="g">440.00</subfield>
    <subfield code="i">Bill no:87; Bill dt:2016-02-18</subfield>
    <subfield code="l">1</subfield>
    <subfield code="o">658.303 RAOP</subfield>
    <subfield code="p">MBA12265</subfield>
    <subfield code="r">2026-05-23 00:00:00</subfield>
    <subfield code="s">2022-01-25</subfield>
    <subfield code="v">352.00</subfield>
    <subfield code="w">2021-07-16</subfield>
    <subfield code="y">BK</subfield>
  </datafield>
  <datafield tag="952" ind1=" " ind2=" ">
    <subfield code="0">0</subfield>
    <subfield code="1">0</subfield>
    <subfield code="2">ddc</subfield>
    <subfield code="4">0</subfield>
    <subfield code="7">0</subfield>
    <subfield code="8">MBA</subfield>
    <subfield code="a">AIMIT</subfield>
    <subfield code="b">AIMIT</subfield>
    <subfield code="d">2016-02-23</subfield>
    <subfield code="g">440.00</subfield>
    <subfield code="i">Bill no:87; Bill dt:2016-02-18</subfield>
    <subfield code="l">8</subfield>
    <subfield code="o">658.303 RAOP</subfield>
    <subfield code="p">MBA12266</subfield>
    <subfield code="r">2026-05-23 00:00:00</subfield>
    <subfield code="s">2023-12-04</subfield>
    <subfield code="v">352.00</subfield>
    <subfield code="w">2021-07-16</subfield>
    <subfield code="y">BK</subfield>
  </datafield>
  <datafield tag="952" ind1=" " ind2=" ">
    <subfield code="0">0</subfield>
    <subfield code="1">0</subfield>
    <subfield code="2">ddc</subfield>
    <subfield code="4">0</subfield>
    <subfield code="7">0</subfield>
    <subfield code="8">MBA</subfield>
    <subfield code="a">AIMIT</subfield>
    <subfield code="b">AIMIT</subfield>
    <subfield code="d">2016-02-23</subfield>
    <subfield code="g">440.00</subfield>
    <subfield code="i">Bill no:87; Bill dt:2016-02-18</subfield>
    <subfield code="l">4</subfield>
    <subfield code="o">658.303 RAOP</subfield>
    <subfield code="p">MBA12267</subfield>
    <subfield code="r">2026-05-23 00:00:00</subfield>
    <subfield code="s">2025-09-10</subfield>
    <subfield code="v">352.00</subfield>
    <subfield code="w">2021-07-16</subfield>
    <subfield code="y">BK</subfield>
  </datafield>
  <datafield tag="952" ind1=" " ind2=" ">
    <subfield code="0">0</subfield>
    <subfield code="1">0</subfield>
    <subfield code="2">ddc</subfield>
    <subfield code="4">0</subfield>
    <subfield code="7">3</subfield>
    <subfield code="8">MBA</subfield>
    <subfield code="a">AIMIT</subfield>
    <subfield code="b">AIMIT</subfield>
    <subfield code="d">2016-02-23</subfield>
    <subfield code="g">440.00</subfield>
    <subfield code="i">Bill no:87; Bill dt:2016-02-18</subfield>
    <subfield code="l">0</subfield>
    <subfield code="o">658.303 RAOP</subfield>
    <subfield code="p">MBA12268</subfield>
    <subfield code="r">2025-07-21 00:00:00</subfield>
    <subfield code="v">352.00</subfield>
    <subfield code="w">2021-07-16</subfield>
    <subfield code="y">BK</subfield>
  </datafield>
</record>
